01688nam a22002777a 4500999001700000003000900017008004100026040007100067082002500138110004200163245003600205260008300241300004500324440008500369505058500454650003501039650003601074650004301110650002601153700003501179700003401214710004101248942001201289945000801301952010101309 c22097d22097AR-CdUCM190425b ||||| |||| 00| 0 spa d aMUNICIPALIDAD PROVINCIAL DEL CUSCOcBIBLIOTECA MUNICIPAL DEL CUSCO aParlante/N°106/2011 aCentro Guamán Poma de Ayala 920511 aParlante :bRevista del Cusco / aCusco :bCentro de Educación y Comunicación Guamán Poma de Ayala,c2011. a36 páginas. :bilustraciones ;c30 cm. aParlante revista del Cusco.nAño 25, N°106, diciembre 2010-enero 2011.947440 aContenido: Políticas culturales una necesidad para reconstruir la ciudadanía. -- Entrevista a Jorge Acurio Tito el desarrollo humano como semilla de la riqueza sostenible. Luis Nieto Degregori. -- Entrevista a Luis Flores García una ciudad ordenada y amigable. Juan Galiano Román. -- Cusco religioso. Luis H. Figueroa. -- Manos unidad en Cusco premio Principe de Asturias de la Concordia 2010. -- Prevenir para no lamentar la actualización del mapa de peligros del Cusco. Eliana Ricalde. -- Una sirena de Huanta los sueños de Magaly Solier. Jorge Alejamdro Vargas. ... aActualidad y política947410 aCentro Histórico Cusco946767 aEducación, cultura y deportes947422 aMedio ambiente947423 aVargas Prado, Alejandro947438 aVenero Torres, César947439 aCentro Guamán Poma de Ayala920511 2ddccPP avhl 002ddc4070aHEMbHEMcCARTd2022-03-04g5.00oParlante/N°106/2011pREVC000760r2022-03-04yPP